MARC

LEADER 00000nam0a2200000 4500
001 221326
005 20231101230407.0
010 |b 5000 экз. 
035 |a (RuTPU)RU\TPU\book\241475 
090 |a 221326 
100 |a 20120910d1980 m y0rusy50 ca 
101 2 |a rus  |c ara  |c per 
102 |a RU 
105 |a a z 001za 
200 1 |a Избранное  |f Ибн Сина (Авиценна)  |g вступит. ст. и составление И. С. Брагинского ; редакция и комментарии А. В. Сагадеева ; худ. В. Медведев 
210 |a Москва  |c Книга  |d 1980 
215 |a 333 с.  |c ил.  |d 10 см. 
225 1 |a Книга и время 
300 |a В суперобложке. 
320 |a Список и хронология трудов Ибн Сины по анонимному дополнению к биографии мыслителя, составленной Абу-Убайдом аль-Джузджани: с. 283-296 
320 |a Иллюстрации: с. 227-281 
320 |a Комментарии: с. 297-331. 
600 0 |a Ибн Сина (Авиценна)  |c персидский учёный, философ, врач, музыкант  |c полное имя Абу Али Хусейн ибн Абдуллах ибн аль-Хасан ибн Али ибн Сина  |f 980-1037  |2 stltpush  |3 (RuTPU)RU\TPU\pers\9647  |9 1919 
606 |a Учёные  |2 stltpush  |3 (RuTPU)RU\TPU\subj\63498  |9 80522 
610 1 |a арабская литература 
610 1 |a 10 век 
610 1 |a 11 век 
610 1 |a трактаты 
610 1 |a мыслители 
610 1 |a философы 
610 1 |a миниатюрные издания 
686 |a Ч216  |v LBC/SL-A  |2 rubbk 
700 0 |a Ибн Сина (Авиценна)  |c арабский ученый  |c философ  |c врач  |c музыкант  |f 980-1037  |2 stltpush  |3 (RuTPU)RU\TPU\pers\9647 
702 1 |a Брагинский  |b И. С.  |4 080  |4 220 
702 1 |a Сагадеев  |b А. В.  |4 080  |4 340 
702 1 |a Медведев  |b  В.  |g Владимир  |4 130 
801 1 |a RU  |b 63413507  |c 20120910 
801 2 |a RU  |b 63413507  |c 20190606  |g RCR 
942 |c BK